• 首页
  • 本馆介绍
  • 公告通知
  • 最新文献
  • 馆藏检索
  • 电子资源
  • 读者导购
  • 参考咨询
  • 我的图书馆
  • 登录
  • 详细信息显示
  • 放入我的书架
  • 预约/预借图书
  • 作者相关作品
  • 分类相关作品
  • 丛书相关作品
  • 出版社相关作品

书目信息

  • 表格格式
  • 工作单格式
  • 卡片格式
题名:
洋插队
    
 
作者: 麻霞 主编 ;新疆生产建设兵团新闻办公室 编
分册:  
出版信息: 北京   五洲传播出版社  2010
页数: 183页
开本: 23cm
丛书名:
单 册:
中图分类: I253.3 , F327.45
科图分类:
主题词: 纪实文学--作品集--中国--当代 , 生产建设兵团--概况--新疆
电子资源:
ISBN: 978-7-5085-1846-6
000 01184nam0 2200277 450
001 2358710085
005 20231211161907.72
010    @a978-7-5085-1846-6@dCNY 58.00
100    @a20130109d2010 em y0chiy0120 ea
101 0  @achi
102    @aCN@b110000
105    @aa z 000zd
200 1  @a洋插队@Ayang cha dui@b专著@e五个外国人的兵团之旅@f新疆生产建设兵团新闻办公室编
210    @a北京@c五洲传播出版社@d2010
215    @a183页@c照片@d23cm
314    @a封面折页题:麻霞主编
330    @a本书记述了新疆生产建设兵团新闻办公室策划的来自不同国家的外国作者亲身体验兵团生活的活动。收录了五位外国人的文章:《新疆——土地给予我们的厚赠》、《边疆一周:一位美国人在石河子的见闻》、《另一个世界:新疆生产建设兵团游记》、《我眼中的兵团》、《新疆生产建设兵团纪行》。
517 1  @a五个外国人的兵团之旅@Awu ge wai guo ren de bing tuan zhi lv
606 0  @a纪实文学@x作品集@y中国@z当代
606 0  @a生产建设兵团@x概况@y新疆
690    @aI253.3@v5
690    @aF327.45@v5
701  0 @a麻霞@Ama xia@c(女)@4主编
712 02 @a新疆生产建设兵团新闻办公室@Axin jiang sheng chan jian she bing tuan xin wen ban gong shi@4编
801  2 @aCN@b辽宁北配@c20231205
905    @aZUCC@dI253.3@e171
    
    洋插队:五个外国人的兵团之旅/新疆生产建设兵团新闻办公室编.-北京:五洲传播出版社,2010
    183页:照片;23cm
    
    
    ISBN 978-7-5085-1846-6:CNY 58.00
    本书记述了新疆生产建设兵团新闻办公室策划的来自不同国家的外国作者亲身体验兵团生活的活动。收录了五位外国人的文章:《新疆——土地给予我们的厚赠》、《边疆一周:一位美国人在石河子的见闻》、《另一个世界:新疆生产建设兵团游记》、《我眼中的兵团》、《新疆生产建设兵团纪行》。
●
相关链接 在五车中查询图书 在当当中查询图书 在豆瓣中查询图书


正题名:洋插队     索取号:I253.3/171         预约/预借

序号 登录号 条形码 馆藏地/架位号 状态 备注
1 2001537760   2001537760   319书库/ [索取号:I253.3/171] 在馆    
2 2001537761   2001537761   319书库/ [索取号:I253.3/171] 在馆    
3 2001537762   2001537762   319书库/ [索取号:I253.3/171] 在馆    
4 2001537763   2001537763   319书库/ [索取号:I253.3/171] 在馆    
5 2001537764   2001537764   319书库/ [索取号:I253.3/171] 在馆    
6 2001537765   2001537765   319书库/ [索取号:I253.3/171] 在馆    
7 2001537766   2001537766   319书库/ [索取号:I253.3/171] 在馆    
8 2001537767   2001537767   319书库/ [索取号:I253.3/171] 在馆    
9 2001537768   2001537768   319书库/ [索取号:I253.3/171] 在馆    
10 2001537769   2001537769   319书库/ [索取号:I253.3/171] 在馆    
11 2001537770   2001537770   319书库/ [索取号:I253.3/171] 在馆    
12 2001537771   2001537771   319书库/ [索取号:I253.3/171] 在馆    
13 2001537772   2001537772   319书库/ [索取号:I253.3/171] 在馆    
14 2001537773   2001537773   319书库/ [索取号:I253.3/171] 在馆    
15 2001537774   2001537774   315书库/ [索取号:I253.3/171] 在馆    
16 2001537775   2001537775   315书库/ [索取号:I253.3/171] 在馆    
17 2001537776   2001537776   315书库/ [索取号:I253.3/171] 在馆    
18 2001537777   2001537777   315书库/ [索取号:I253.3/171] 在馆    
19 2001537778   2001537778   315书库/ [索取号:I253.3/171] 在馆    
20 2001537779   2001537779   315书库/ [索取号:I253.3/171] 在馆    
21 2001537780   2001537780   319书库/ [索取号:I253.3/171] 在馆    
22 2001537781   2001537781   319书库/ [索取号:I253.3/171] 在馆    
23 2001537782   2001537782   319书库/ [索取号:I253.3/171] 在馆    
24 2001537783   2001537783   319书库/ [索取号:I253.3/171] 在馆    
山东省滨州职业学院图书馆 欢迎您!
大连网信软件有限公司© 版权所有